000 00480nam a2200193Ia 4500
005 20240823050055.0
008 240823s9999||||xx |||||||||||||| ||und||
020 _a978-81-315-1869-4
041 _aENGLISH
082 _A333.7 Q2
100 _aDonald L Steeby
245 0 _aAlternative Energy Sources and Systems
250 _a1st
260 _c2012
_bCengage Learning
_aNew Delhi
500 _aYES
650 _aEnergy Conversion
_bCivil
942 _cBK
999 _c216419
_d216419